Macroeconomics / (Record no. 14976)
[ view plain ]
| 000 -LEADER | |
|---|---|
| fixed length control field | 01197nam a22003135a 4500 |
| 008 - FIXED-LENGTH DATA ELEMENTS--GENERAL INFORMATION | |
| fixed length control field | 110309t2011 maua frb 001 0deng d |
| 020 ## - INTERNATIONAL STANDARD BOOK NUMBER | |
| International Standard Book Number | 0273756028 |
| 020 ## - INTERNATIONAL STANDARD BOOK NUMBER | |
| International Standard Book Number | 9780273756026 |
| 040 ## - CATALOGING SOURCE | |
| Original cataloging agency | EG-ScBUE |
| Language of cataloging | eng |
| Transcribing agency | EG-ScBUE |
| 082 04 - DEWEY DECIMAL CLASSIFICATION NUMBER | |
| Classification number | 339 |
| Item number | ABE |
| Edition number | 22 |
| 100 1# - MAIN ENTRY--PERSONAL NAME | |
| Personal name | Abel, Andrew B., |
| 9 (RLIN) | 22411 |
| 245 10 - TITLE STATEMENT | |
| Title | Macroeconomics / |
| Statement of responsibility, etc | Andrew B. Abel, Ben S. Bernanke and Dean Croushore. |
| 250 ## - EDITION STATEMENT | |
| Edition statement | 7th ed. , |
| Remainder of edition statement | Global Edition |
| 260 ## - PUBLICATION, DISTRIBUTION, ETC. (IMPRINT) | |
| Place of publication, distribution, etc | Boston, Massachusetts : |
| Name of publisher, distributor, etc | Pearson / Adison Wesley, |
| Date of publication, distribution, etc | c.2011. |
| 300 ## - PHYSICAL DESCRIPTION | |
| Extent | xxvi, 639 p. : |
| Other physical details | col. ill. ; |
| Dimensions | 27 cm. |
| 490 0# - Series Statement | |
| Series statement | The Pearson Series in Economics ; |
| 500 ## - GENERAL NOTE | |
| General note | Index: p. 627-639. |
| 500 ## - GENERAL NOTE | |
| General note | Glossary: p. 615-626. |
| 504 ## - BIBLIOGRAPHY, ETC. NOTE | |
| Bibliography, etc | Includes bibliographical references. |
| 590 ## - LOCAL NOTE (RLIN) | |
| Local note | Mohamed Hussein |
| 541 ## - IMMEDIATE SOURCE OF ACQUISITION NOTE | |
| Source of acquisition | Bacca ; |
| 650 #0 - SUBJECT ADDED ENTRY--TOPICAL TERM | |
| Topical term or geographic name as entry element | Macroeconomics. |
| 9 (RLIN) | 22413 |
| Source of heading or term | BUEsh |
| 651 #0 - SUBJECT ADDED ENTRY--GEOGRAPHIC NAME | |
| Geographic name | United States |
| General subdivision | Economic conditions. |
| 9 (RLIN) | 22414 |
| Source of heading or term | BUEsh |
| 653 ## - INDEX TERM--UNCONTROLLED | |
| Resource For college | BAEPS, Economics |
| Arrived date list | October2012 |
| 700 1# - ADDED ENTRY--PERSONAL NAME | |
| Personal name | Bernanke, Ben. |
| Relator term | Author |
| 9 (RLIN) | 22415 |
| 700 1# - ADDED ENTRY--PERSONAL NAME | |
| Personal name | Croushore, Dean |
| Relator term | Author |
| 9 (RLIN) | 22416 |
| 856 ## - ELECTRONIC LOCATION AND ACCESS | |
| Materials specified | Student access code |
| Uniform Resource Identifier | <a href="http://www.myeconlab.com">http://www.myeconlab.com</a> |
| Public note | For obtaining access codes, please call the library on Ext. 1372 |
| 942 ## - ADDED ENTRY ELEMENTS (KOHA) | |
| Item type | Book - Borrowing |
| Source of classification or shelving scheme | Dewey Decimal Classification |
| Call number prefix | 339ABE |
| Withdrawn status | Item status | Source of classification or shelving scheme | Damaged status | Not for loan | Vendor | Home library | Current library | Shelving location | Date acquired | Source of acquisition | Total Checkouts | Total Renewals | Full call number | Barcode | Date last seen | Date last borrowed | Koha item type | Cost, normal purchase price | Cost, replacement price | Materials specified (bound volume or other part) |
|---|---|---|---|---|---|---|---|---|---|---|---|---|---|---|---|---|---|---|---|---|
| Dewey Decimal Classification | Baccah | Central Library | Central Library | First floor | 09/03/2011 | 16 | 130 | 339 ABE | 000022652 | 15/07/2025 | 05/03/2023 | Book - Borrowing | ||||||||
| Dewey Decimal Classification | Baccah | Central Library | Central Library | First floor | 09/03/2011 | 20 | 141 | 339 ABE | 000022651 | 15/07/2025 | 19/10/2021 | Book - Borrowing | ||||||||
| Dewey Decimal Classification | Baccah | Central Library | Central Library | First floor | 09/03/2011 | 2 | 339 ABE | 000022650 | 15/07/2025 | 13/04/2013 | NB - Book (Non borrowing) | |||||||||
| Dewey Decimal Classification | Baccah | Central Library | Central Library | First floor | 10/10/2011 | 15 | 83 | 339 ABE | 000025309 | 15/07/2025 | 02/10/2019 | Book - Borrowing | ||||||||
| Dewey Decimal Classification | Baccah | Central Library | Central Library | First floor | 10/10/2011 | 17 | 118 | 339 ABE | 000025308 | 15/07/2025 | 14/04/2025 | Book - Borrowing | ||||||||
| Dewey Decimal Classification | Baccah | Central Library | Central Library | First floor | 10/10/2012 | 16 | 56 | 339 ABE | 000027511 | 15/07/2025 | 10/02/2025 | Book - Borrowing | 180.00 | 225.00 | ||||||
| Dewey Decimal Classification | Baccah | Central Library | Central Library | First floor | 10/10/2012 | 4 | 44 | 339 ABE | 000027512 | 15/07/2025 | 20/02/2023 | Book - Borrowing | ||||||||
| Dewey Decimal Classification | Baccah | Central Library | Central Library | First floor | 10/10/2012 | 10 | 59 | 339 ABE | 000027513 | 15/07/2025 | 20/10/2021 | Book - Borrowing | ||||||||
| Lost | Dewey Decimal Classification | Baccah | Central Library | Central Library | First floor | 10/10/2012 | 3 | 26 | 339 ABE | 000027514 | 23/08/2016 | 23/04/2015 | Book - Borrowing | Lost In Inventory_2017-8-25 | ||||||
| Dewey Decimal Classification | Baccah | Central Library | Central Library | First floor | 10/10/2012 | 10 | 49 | 339 ABE | 000027515 | 15/07/2025 | 21/11/2018 | Book - Borrowing |